banner-ar

الدين الشعبى فى مصر : (Record no. 65518)

MARC details
000 -الفاتح
حقل البيانات ثابتة الطول 00792nam a22002417a 4500
005 - وقت وتاريخ اخر تعامل مع التسجيلة
رقم الضبط 20240530110829.0
008 - عناصر البيانات ثابتة الطول - معلومات عامة
حقل البيانات ثابتة الطول 190825b2018 ua a f b 001 0 ara d
017 ## - رقم الايداع القانونى
رقم الايداع القانونى 2005/22663
المصدر ( الهيئة المختصة) مصر. دار الكتب
020 ## - الرقم الدولى المعيارى للكتب
الرقم الدولى المعيارى للكتاب 9773512738
040 ## - مصدر الفهرسة
وكالة الفهرسة الأصلية EG-CaGPL
وكالة النسخ EG-CaGPL
082 04 - رقم تصنيف ديوى العشرى
رقم الطبعة 21
رقم التصنيف 260
رقم المادة ق / ش د
100 0# - المدخل الرئيسى - إسم شخصى
الإسم الشخصى شحاتة صيام
245 12 - بيان العنوان
العنوان الدين الشعبى فى مصر :
بقية العنوان نقد العقل المتحايل /
بيان المسئوليه,etc شحاتة صيام
250 ## - بيان الطبعة
بيان الطبعة ط. 1
260 ## - PUBLICATION, DISTRIBUTION, ETC. (IMPRINT)
تاريخ النشر أو التوزيع 2006
300 ## - الوصف المادى
التعداد 212 ص. :
تفاصيل ماديه اخرى للوعاء ايض ؛
أبعاد الوعاء 24 سم
650 07 - المدخل الاضافى بالموضوع-مصطلح موضوعى
مصدر الرأس أو المصطلح qrmak
مصطلح موضوعي التصوف
650 07 - المدخل الاضافى بالموضوع-مصطلح موضوعى
مصطلح موضوعي الدين الشعبى
التقسيم الفرعي الجغرافي مصر
651 07 - المدخل الاضافى بالموضوع - اسم جغرافى
مصدر الرأس أو المصطلح qrmak
653 ## - مصطلح تكشيفى غير مقيد
مصطلح غير مقيد الدين الشعبى
942 ## - عناصر المدخل الإضافي( كوها)
مصدر التصنيف او مخطط الترفيف Dewey Decimal Classification
Koha [default] item type كتاب
260 ## - PUBLICATION, DISTRIBUTION, ETC. (IMPRINT)
-- القاهرة :
-- دار ميريت،
Holdings
حالة التراجع حالة الفقد حالة تلف ليس للاعارة المكان المؤقت الموقع الحالى موقع الترفيف تاريخ الاكتساب اجمالي اﻻعارات رقم الطلب الباركود تاريخ اخر مشاهدة تاريخ تفعيل السعر نوع وعاء كوها
        مكتبة القاهرة الكبرى مكتبة القاهرة الكبرى   09/03/2019   260 ق / ش د 166414 09/03/2019 09/03/2019 كتاب

Powered By

EGPV